Best practice decoded (Record no. 77358)
[ view plain ]
| 000 -LEADER | |
|---|---|
| fixed length control field | 00729cab a2200181 4500 |
| 001 - CONTROL NUMBER | |
| control field | ##L134076 |
| 008 - FIXED-LENGTH DATA ELEMENTS--GENERAL INFORMATION | |
| fixed length control field | 060706n2006 000 0 eng u |
| 035 ## - SYSTEM CONTROL NUMBER | |
| System control number | (Sirsi) u134076 |
| 041 0# - LANGUAGE CODE | |
| Language code of text/sound track or separate title | eng |
| 100 1# - MAIN ENTRY--PERSONAL NAME | |
| Personal name | Rowe, Stephen |
| 245 00 - TITLE STATEMENT | |
| Title | Best practice decoded |
| 260 ## - PUBLICATION, DISTRIBUTION, ETC. | |
| Date of publication, distribution, etc. | 2006 |
| 490 #0 - SERIES STATEMENT | |
| Series statement | Estates Gazette |
| Volume/sequential designation | (0626) 1 July 2006, 144-146(2) |
| 520 ## - SUMMARY, ETC. | |
| Summary, etc. | An interview with the new RICS President, Graham Chase, who talks about his emphasis on best practice, exemplified by RICS' two new codes of practice: "Service charges in commercial property" (L133990) and commercial leases (in production). |
| 590 ## - LOCAL NOTE (RLIN) | |
| Local note | IKA180706 |
| 690 ## - LOCAL SUBJECT ADDED ENTRY--TOPICAL TERM (OCLC, RLIN) | |
| Topical term or geographic name as entry element | ABOUT RICS-RICS STRUCTURE AND GOVERNANCE-RICS SENIOR OFFICERS-RICS PRESIDENT |
| 942 ## - ADDED ENTRY ELEMENTS (KOHA) | |
| Suppress in OPAC | 0 |
| Withdrawn status | Lost status | Source of classification or shelving scheme | Damaged status | Not for loan | Home library | Current library | Shelving location | Date acquired | Total Checkouts | Full call number | Barcode | Date last seen | Copy number | Price effective from | Koha item type |
|---|---|---|---|---|---|---|---|---|---|---|---|---|---|---|---|
| Dewey Decimal Classification | London | London | Journal article | 06/07/2006 | L134076 | 134076-1001 | 06/08/2019 | 1 | 06/08/2019 | Journal article |